Pipi meias altas (Registo nº 3582)

Detalhes MARC
000 -Etiqueta do registo
Cabeçalho 01005ngm0a2200325 4500
005 - Identificador da versão
Campo de controlo 20240813122005.0
021 ## - Número do Depósito Legal
Código do país PT
071 0# - Número do editor (registos sonoros e música) 
Número do editor 2408/01
100 ## - Dados gerais de processamento
Dados gerais de processamento 20050630d2001 bc y0pory5003 ba
102 ## - Pais de publicação ou produção
País de publicação Portugal
101 0# - Língua de publicação
Língua do texto, banda sonora, etc. Português
Língua do documento no original Inglês
Língua das legendas Português
115 ## - Campo de dados codificados: Projecções Visuais, Filmes e Vídeos
Dados modificados - geral a063bbz zzzz zzxxc
215 ## - Descrição física 
Indicação específica da natureza do documento e extensão da espécie 1 DVD (PAL 2) (189 min.)
Outras indicações físicas col., son.
200 1# - Titulo e menção de responsabilidade
Título próprio Pipi meias altas
Indicação geral da natureza do documento Registo vídeo
Informação de outro título aventuras pelo mundo
Primeira menção de responsabilidade Astrid Lindgren
Indicação de volume 1 e 2
225 2# - Colecção 
Título próprio da colecção Pipi meias altas
210 ## - Publicação, Distribuição, etc. 
Lugar da edição, distribuição, etc. PT
Nome do editor, distribuidor, etc. Lusomundo
Data da publicação, distribuição, etc. 2001
306 ## - Notas relativas a publicação, distribuição, etc. 
Texto da nota Distribuidor cinema: Lusomundo
300 ## - Notas gerais 
Texto da nota Dois filmes num só disco
305 ## - Notas relativas à edição e história bibliográfica da publicação 
Texto da nota Data de lançamento: 2001
333 ## - Nota relativa aos potenciais utilizadores
Texto da nota Classificação: M4
327 1# - Nota de conteúdo 
Texto da nota Conteúdo: Idiomas: português e espanhol; Extras: trailers, personagens, canta com a Pipi
606 ## - Nome comum usado como assunto
Número de registo de entrada de autoridade 0002834
Palavra de ordem Filme
Subdivisão de assunto Animação infantil
610 1# - Termos de indexação não controlados
Subject Term DVD cinema
702 #1 - Nome de autor-pessoa física (responsabilidade secundária)
Número de registo de entrada de autoridade 0002845
Palavra de ordem Lindgren
Outra parte do nome não tomada para palavra de ordem Astrid
Código de função Diretor / Director teatral / Realizador
942 ## - Elementos de entrada adicionados (Koha)
Tipo de item no Koha Livro
Exemplares
Situação do levantamento Origin of item (home branch) (coded) Biblioteca de empréstimo Código de barras Cota Circulation type (not for loan) Tipo de documento Nota do exemplar Damaged status
  Biblioteca Escolar da Coca Maravilhas Biblioteca Escolar da Coca Maravilhas BECM25d/04 F PIP   DVD Sem mensagem